As mais famosas fábulas (Registo nº 3918)

Detalhes MARC
000 -Etiqueta do registo
Cabeçalho 01194nam0a2200253 4500
005 - Identificador da versão
Campo de controlo 20240902165515.0
100 ## - Dados gerais de processamento
Dados gerais de processamento 20170526d1982 c y0pory5003 ba
101 0# - Língua de publicação
Língua do texto, banda sonora, etc. Português
102 ## - Pais de publicação ou produção
País de publicação Portugal
200 1# - Titulo e menção de responsabilidade
Título próprio As mais famosas fábulas
Primeira menção de responsabilidade texto de Soledade Martinho da Costa
Outras menções de responsabilidade il. Zé Manel
210 ## - Publicação, Distribuição, etc. 
Lugar da edição, distribuição, etc. [Lisboa]
Nome do editor, distribuidor, etc. Europa-América
Data da publicação, distribuição, etc. [198-]
215 ## - Descrição física 
Indicação específica da natureza do documento e extensão da espécie 2 vol.
Outras indicações físicas il. color
225 1# - Colecção 
Título próprio da colecção Os grandes clássicos infantis
314 ## - Notas relativas a responsabilidade intelectual 
Texto da nota Zé Manel é pseudónimo de José Manuel Domingues Alves Mendes
517 1# - Outras variantes do título
Variant Title <O >burro e o dono; A pele do urso; A leoa e a ursa; O galo e o rato; O veado vaidoso; O rato e a rã; As cabras teimosas; A andorinha e a raposa. Vol. 1
Variant Title <O >leão e o rato; O corvo vaidoso; O cão e o burro; O porco e as companheiras; O leão e o mosquito; O lobo e o cordeiro; A raposa e a cegonha; O pastorinho mentiroso; O cisne e o cozinheiro; A raposa e o bode; O lobo e a cegonha; A lebre e as rãs. Vol. 2
606 ## - Nome comum usado como assunto
Número de registo de entrada de autoridade 0001913
Palavra de ordem Literatura portuguesa
Subdivisão de assunto Fábulas
Código do sistema CA
675 ## - Classificação Decimal Universal (CDU)
Notação 821.134.3-342
Edição 3ª ed.
Língua da edição por
700 #1 - Nome de autor-pessoa física (responsabilidade principal)
Número de registo de entrada de autoridade 0001921
Palavra de ordem Costa
Outra parte do nome não tomada para palavra de ordem Soledade Martinho
Datas 1937-
702 #0 - Nome de autor-pessoa física (responsabilidade secundária)
Número de registo de entrada de autoridade 0001911
Palavra de ordem Zé Manel
Elementos de identificação ou distinção pseud.
Datas 1944-
Código de função Ilustrador / Técnico de desenho computorizado
942 ## - Elementos de entrada adicionados (Koha)
Tipo de item no Koha Livro
966 ## - Identificação da Biblioteca
Sigla EBVEN
Exemplares
Situação do levantamento Origin of item (home branch) (coded) Biblioteca de empréstimo Código de barras Cota Circulation type (not for loan) Tipo de documento Nota do exemplar Damaged status
  Biblioteca Escolar das Vendas Biblioteca Escolar das Vendas BEV266 8POR COS   Livro Sem mensagem  
  Biblioteca Escolar das Vendas Biblioteca Escolar das Vendas BEV267 8POR COS   Livro Sem mensagem